The boundary-domain integral method for elliptic systems

Saved in:
Bibliographic Details
Main Author: Pomp, Andreas 1952-
Format: Book
Language:English
Published: Berlin ; Heidelberg : Springer, c1998
Series:Lecture notes in mathematics (Springer-Verlag) ; 1683
Subjects:
Tags: Add Tag
No Tags, Be the first to tag this record!

MARC

LEADER 00000nam a2200000 i 4500
001 1/92758
008 991115s1998 eng d
020 |a 3540641637 
035 |l 10054168 
040 |a GR-MY-UA  |b gre  |e aacr 
041 0 |a eng 
082 0 |a 624.17762015118 
100 1 |a Pomp, Andreas  |d 1952- 
245 1 4 |a The boundary-domain integral method for elliptic systems /  |c Andreas Pomp 
260 |a Berlin ; Heidelberg :   |b Springer,   |c c1998 
300 |a xvi, 163 p.;  |b ill.;  |c 24 cm. 
490 1 |a Lecture notes in mathematics (Springer-Verlag)  |v ; 1683 
500 |a Includes bibliographical references and index 
650 0 0 |a Shells (Engineering)  |x Mathematical models. 
650 0 0 |a Boundary element methods. 
650 0 0 |a Differential equations, Elliptic. 
830 0 |a Lecture notes in mathematics (Springer-Verlag)  |v ; 1683 
852 |a INST  |b SAMOS  |e 19991115  |h 624.17762015118 POM  |p 005300017045  |q 005300017045  |t BK  |y 0 
901 |a BIBL3-1999-3 
909 |a Σ  |b 067320 
922 |a 3ΕΛΗ  |b 199909  |c ΕΠΕΑΕΚ/ΜΑΘ  |d ΠΑΠΑΣΩΤΗΡΙΟΥ 
970 |a ΓΕΝΟΥΖΟΥ  |b ΧΡΥΣΑΝΘΗ  |z 1999/11/15